|
|
|
|
| LEADER |
00000nam2a2200000 4500 |
| 001 |
167456 |
| 005 |
20231031162815.0 |
| 035 |
|
|
|a (RuTPU)RU\TPU\book\181671
|
| 090 |
|
|
|a 167456
|
| 100 |
|
|
|a 20091015d1991 k y0rusy50 ca
|
| 101 |
0 |
|
|a rus
|
| 102 |
|
|
|a RU
|
| 105 |
|
|
|a a z 001zy
|
| 200 |
0 |
|
|a Т. 27 : Современные представления кинетической термофлуктуационной теории прочности полимеров
|
| 210 |
|
|
|d 1991
|
| 215 |
|
|
|a 112 с.
|c ил.
|
| 320 |
|
|
|a Библиогр.: с. 101-111.
|
| 461 |
|
1 |
|0 (RuTPU)RU\TPU\book\134299
|x 0202-8069
|t Химия и технология высокомолекулярных соединений
|o [сборник статей]
|f Академия наук СССР (АН СССР), Всесоюзный институт научной и технической информации (ВИНИТИ)
|v Т. 27 : Современные представления кинетической термофлуктуационной теории прочности полимеров
|d 1970-1991
|s Химия и технология высокомолекулярных соединений
|
| 610 |
1 |
|
|a полимеры
|
| 610 |
1 |
|
|a прочность
|
| 610 |
1 |
|
|a кинетическая теория
|
| 610 |
1 |
|
|a разрушение
|
| 610 |
1 |
|
|a дилатонная теория
|
| 610 |
1 |
|
|a долговечность
|
| 610 |
1 |
|
|a трещины
|
| 610 |
1 |
|
|a температурно-временная зависимость
|
| 675 |
|
|
|a 678
|v 3
|
| 801 |
|
1 |
|a RU
|b 63413507
|c 20091015
|
| 801 |
|
2 |
|a RU
|b 63413507
|c 20131119
|g RCR
|
| 942 |
|
|
|c BK
|